000 01030cam a22002891 4500
001 29229
003 BD-RjUL
005 20211209051403.0
008 140402s1954 nyua b 001 0 eng
035 _a(BD-RjUL)29314
040 _aDLC
_cDLC
_dDLC
_dBD-RjUL
_beng
041 1 _aeng
_hger
082 0 0 _a131.3462
_bFRO 1954
100 1 _aFreud, Sigmund,
_d1856-1939.
_989232
245 1 4 _aThe origins of psycho-analysis :
_bletters to Wilhelm Fliess, drafts and notes, 1887-1902 /
_cEdited by Marie Bonaparte, Anna Freud [and] Ernst Kris; authorized translation by Eric Mosbacher and James Strachey. Introd. by Ernst Kris.
250 _a[1st ed.]
260 _aNew York :
_bBasic Books,
_c1954.
300 _axi, 486 p. :
_bill. ;
_c24 cm.
504 _aBibliography: p. [447]-462.
504 _aIncludes index.
650 0 _aPsychoanalysis.
_989233
700 1 _aFliess, Wilhelm,
_d1858-1928.
_989234
942 _2ddc
_cBK
999 _c29229
_d29229